000 01731nam a2200397Ia 4500
001 ebr10022603
003 CaPaEBR
006 m u
007 cr cn|||||||||
008 010323s2001 ncua sb s001 0 eng d
010 _z 2001027544
020 _z0807875635
020 _z0807826391 (cloth : alk. paper)
020 _z0807849685 (pbk. : alk. paper)
040 _aCaPaEBR
_cCaPaEBR
035 _a(OCoLC)51579540
050 1 4 _aF220.I6
_bG58 2001eb
082 0 4 _a975/.0049162
_221
100 1 _aGleeson, David T.
245 1 4 _aThe Irish in the South, 1815-1877
_h[electronic resource] /
_cDavid T. Gleeson.
260 _aChapel Hill :
_bUniversity of North Carolina Press,
_cc2001.
300 _axii, 278 p. :
_bill.
504 _aIncludes bibliographical references (p. [239]-268)and index.
533 _aElectronic reproduction.
_bPalo Alto, Calif. :
_cebrary,
_d2005.
_nAvailable via World Wide Web.
_nAccess may be limited to ebrary affiliated libraries.
650 0 _aIrish Americans
_zSouthern States
_xHistory
_y19th century.
650 0 _aIrish Americans
_zSouthern States
_xSocial conditions
_y19th century.
650 0 _aIrish Americans
_zSouthern States
_xEthnic identity.
650 0 _aImmigrants
_zSouthern States
_xHistory
_y19th century.
650 0 _aImmigrants
_zSouthern States
_xSocial conditions
_y19th century.
650 0 _aWhites
_zSouthern States
_xHistory
_y20th century.
651 0 _aSouthern States
_xEthnic relations.
651 0 _aSouthern States
_xSocial conditions
_y19th century.
655 7 _aElectronic books.
_2local
710 2 _aebrary, Inc.
856 4 0 _uhttp://site.ebrary.com/lib/rucke/Doc?id=10022603
_zAn electronic book accessible through the World Wide Web; click to view
999 _c9783
_d9783